Applied social psychology annual / (Record no. 1395)

000 -LEADER
fixed length control field nam a22 a 4500
005 - DATE AND TIME OF LATEST TRANSACTION
control field 20170509125416.0
008 - FIXED-LENGTH DATA ELEMENTS--GENERAL INFORMATION
fixed length control field 170509b1983 -us||||| |||| 00| 0 eng d
020 ## - INTERNATIONAL STANDARD BOOK NUMBER
International Standard Book Number 0803921063
040 ## - CATALOGING SOURCE
Original cataloging agency AKMAL
082 04 - DEWEY DECIMAL CLASSIFICATION NUMBER
Classification number 302 BIC
090 ## - LOCALLY ASSIGNED LC-TYPE CALL NUMBER (OCLC); LOCAL CALL NUMBER (RLIN)
Classification number (OCLC) (R) ; Classification number, CALL (RLIN) (NR) 302
Local cutter number (OCLC) ; Book number/undivided call number, CALL (RLIN) BIC
100 ## - MAIN ENTRY--PERSONAL NAME
Personal name BICKMAN, LEONARD
9 (RLIN) 2743
245 00 - TITLE STATEMENT
Title Applied social psychology annual /
Statement of responsibility, etc. sponsored by the Society for the Psychological Study of Social Issues (SPSSI).
260 ## - PUBLICATION, DISTRIBUTION, ETC.
Place of publication, distribution, etc. Beverly Hills, Calif.
260 ## - PUBLICATION, DISTRIBUTION, ETC.
Place of publication, distribution, etc. London :
Name of publisher, distributor, etc. Sage Publications,
Date of publication, distribution, etc. 1980-1988.
300 ## - PHYSICAL DESCRIPTION
Extent 8 v. :
Other physical details ill. ;
Dimensions 22cm
500 ## - GENERAL NOTE
General note Description based on: 2.
599 ## - LOCAL NOTE
Local Note DALAM PROSES
650 #0 - SUBJECT ADDED ENTRY--TOPICAL TERM
Topical term or geographic name entry element Social psychology
Form subdivision Periodicals.
9 (RLIN) 2744
650 #0 - SUBJECT ADDED ENTRY--TOPICAL TERM
Topical term or geographic name entry element sychology, Applied
Form subdivision Periodicals.
9 (RLIN) 2745
710 2# - ADDED ENTRY--CORPORATE NAME
Corporate name or jurisdiction name as entry element Society for the Psychological Study of Social Issues.
9 (RLIN) 2671
942 ## - ADDED ENTRY ELEMENTS (KOHA)
Source of classification or shelving scheme
Koha item type Book
Holdings
Withdrawn status Lost status Source of classification or shelving scheme Damaged status Not for loan Collection code Home library Current library Shelving location Date acquired Inventory number Total Checkouts Full call number Barcode Date last seen Price effective from Koha item type
          NON-FICTION AKMAL Melaka AKMAL Melaka PINJAMAN 09.05.2017 301478   302 BIC 201702639 09.05.2017 09.05.2017 Book
Pusat Sumber Maklumat Dato' Haji Sarmin Md Hussin, Akademi Kastam Diraja Malaysia, Melaka
Tel: 06-2331106 | Faks: 06-2313787